Cinq grandes odes
Enregistré dans:
| Auteur principal: | |
|---|---|
| Format: | Livre |
| Langue: | français |
| Publié: |
París
Gallimard
1936
|
| Collection: | Oeuvres de Paul Claudel
|
| Sujets: | |
| Tags: |
Ajouter un tag
Pas de tags, Soyez le premier à ajouter un tag!
|
MARC
| LEADER | 00000nam a2200000 a 4500 | ||
|---|---|---|---|
| 001 | UCY9219 | ||
| 003 | CL-VaPUC | ||
| 008 | 950713e19360000FR |||||||||||||||||fre|d | ||
| 082 | 0 | 4 | |a 841 |b CLA |2 21 |
| 100 | 0 | |a Claudel, Paul |e author |9 333185 | |
| 245 | 1 | 0 | |a Cinq grandes odes |
| 246 | 1 | 0 | |a Suivies d'un processionnal pour saluer le siecle nouveau |
| 300 | |a 208 p | ||
| 942 | |c BK | ||
| 945 | |d 19950713 00:00:00 |a rbrito | ||
| 260 | |a París |b Gallimard |c 1936 | ||
| 650 | 0 | |a Poesías francesas |9 265467 | |
| 583 | |a last modification |c 19950713 00:00:00 |k Rodrigo Vera | ||
| 490 | 0 | |a Oeuvres de Paul Claudel | |
| 999 | |c 236345 |d 236343 | ||
| 952 | |0 0 |1 0 |4 0 |6 841_000000000000000_CLA_1936 |7 0 |8 A |9 244396 |a BIBEDU |b BIBEDU |d 2019-11-18 |i 310205K |o 841 CLA 1936 |p 310205K |r 2019-11-18 |w 2019-11-18 |y BK |k LIT | ||